000 00856nam a2200253Ia 4500
005 20251020182459.0
008 200515s9999 xx 000 0 und d
020 _a978-607-32-1062-1
082 _a624.267/H50/2012
100 _aHibbeler, Russell C.
245 0 _aAnálisis Estructural
250 _a8a ed.
260 _aMéxico, D.F.
260 _bPEARSON EDUCACIÓN
260 _c2012
300 _a695 p.
300 _bil., tbl., graf.
500 _a1 ejemplar
520 _aProporciona al estudiante una presentación clara y amplia de la teoría y aplicación del análisis estructural, tal comos se emplea en armaduras, vigas y marcos. Se pone énfasis en desarrollar la habilidad del estudiante para modelar y analizar una estructu
650 _aANALISIS DE ESTRUCTURAS
650 _aESTRUCTURAS
942 _cLIB
999 _c1093
_d1093